000
00258nam a2200097Ia 4500
001
775350
005
20250826165828.0
008
250824s9999 xx 000 0 und d
245
0
_a
ŞAHİN BEY ANTEP ŞEHİDİ
_c
İBRAHİM ÜNSAL
260
_b
GENÇ HAYAT YAYINLARI
999
_c
775350
_d
775350